Nonlinear optimization / (Record no. 57800)
[ view plain ]
| 000 -LEADER | |
|---|---|
| fixed length control field | 01386nam\a2200313\a\4500 |
| 001 - CONTROL NUMBER | |
| control field | 57800 |
| 005 - DATE AND TIME OF LATEST TRANSACTION | |
| control field | 20260514195905.0 |
| 008 - FIXED-LENGTH DATA ELEMENTS--GENERAL INFORMATION | |
| fixed length control field | 260514s2006 njua b 001 0 eng |
| 015 ## - NATIONAL BIBLIOGRAPHY NUMBER | |
| Source | bnb |
| 020 ## - INTERNATIONAL STANDARD BOOK NUMBER | |
| ISBN | 9780691119151 |
| Qualifying information | acid-free paper |
| 020 ## - INTERNATIONAL STANDARD BOOK NUMBER | |
| ISBN | 0691119155 |
| Qualifying information | acid-free paper |
| 040 ## - CATALOGING SOURCE | |
| Original cataloging agency | DLC |
| Transcribing agency | DLC |
| Modifying agency | UKM |
| -- | C#P |
| -- | BAKER |
| -- | COO |
| -- | NLGGC |
| -- | YDXCP |
| -- | BTCTA |
| -- | MUQ |
| -- | BD-DhIUB |
| 082 00 - DEWEY DECIMAL CLASSIFICATION NUMBER | |
| Classification number | 519.6 |
| Edition number | 22 |
| Item number | R971n |
| 100 1# - MAIN ENTRY--PERSONAL NAME | |
| Personal name | Ruszczyński, Andrzej P. |
| 245 10 - TITLE STATEMENT | |
| Title | Nonlinear optimization / |
| Statement of responsibility, etc | Andrzej Ruszczyński. |
| 260 ## - PUBLICATION, DISTRIBUTION, ETC. (IMPRINT) | |
| Place of publication, distribution, etc | Princeton, N.J. : |
| Name of publisher, distributor, etc | Princeton University Press, |
| Date of publication, distribution, etc | c2006. |
| 300 ## - PHYSICAL DESCRIPTION | |
| Extent | xii, 448 p. : |
| Other physical details | ill. ; |
| Dimensions | 24 cm. |
| 504 ## - BIBLIOGRAPHY, ETC. NOTE | |
| Bibliography, etc | Includes bibliographical references (p. [431]-444) and index. |
| 526 ## - STUDY PROGRAM INFORMATION NOTE | |
| School name | School of engineering, Technology &Sciences |
| Department | Physical Science |
| Shelving Location | Reference Stacks |
| 541 ## - IMMEDIATE SOURCE OF ACQUISITION NOTE | |
| Source of acquisition | law |
| 650 #0 - SUBJECT ADDED ENTRY--TOPICAL TERM | |
| Topical term or geographic name as entry element | Mathematical optimization. |
| 650 #0 - SUBJECT ADDED ENTRY--TOPICAL TERM | |
| Topical term or geographic name as entry element | Nonlinear theories. |
| 856 42 - ELECTRONIC LOCATION AND ACCESS | |
| Materials specified | Publisher description |
| Uniform Resource Identifier | <a href="http://www.loc.gov/catdir/enhancements/fy0654/2005049614-d.html">http://www.loc.gov/catdir/enhancements/fy0654/2005049614-d.html</a> |
| 856 41 - ELECTRONIC LOCATION AND ACCESS | |
| Materials specified | Table of contents only |
| Uniform Resource Identifier | <a href="http://www.loc.gov/catdir/enhancements/fy0654/2005049614-t.html">http://www.loc.gov/catdir/enhancements/fy0654/2005049614-t.html</a> |
| 856 42 - ELECTRONIC LOCATION AND ACCESS | |
| Materials specified | Contributor biographical information |
| Uniform Resource Identifier | <a href="http://www.loc.gov/catdir/enhancements/fy0734/2005049614-b.html">http://www.loc.gov/catdir/enhancements/fy0734/2005049614-b.html</a> |
| 942 ## - ADDED ENTRY ELEMENTS (KOHA) | |
| Source of classification or shelving scheme | Dewey Decimal Classification |
| Koha item type | Books |
| Withdrawn status | Lost status | Source of classification or shelving scheme | Damaged status | Not for loan | Home library | Current library | Shelving location | Date acquired | Source of acquisition | Cost, normal purchase price | Serial Enumeration / chronology | Total Checkouts | Full call number | Barcode | Date last seen | Copy number | Cost, replacement price | Price effective from | Koha item type |
|---|---|---|---|---|---|---|---|---|---|---|---|---|---|---|---|---|---|---|---|
| Dewey Decimal Classification | Not For Loan | Library, Independent University, Bangladesh (IUB) | Library, Independent University, Bangladesh (IUB) | Reference Stacks | 07/05/2026 | Purchase | 13197.00 | 2016 | 519.6 R971n | 029670 | 14/05/2026 | 01 | 26394.00 | 07/05/2026 | Books |